Průmysl a krajina

Dôsledky industrializácie a rozvoj priemyslu. Od 70. rokov 20. storočia nastupuje trend redukcie priemyslu. Trendy vo svete a u nás, zelená a hnedá lúka. Charakteristické vlastnosti postindustriálnej krajiny a rozhodovanie o jej budúcnosti.

Guardado en:
Detalles Bibliográficos
Autor principal: Kolejka, Jaromír
Formato: Capítulo de libro
Lenguaje:checo
Materias:
Etiquetas: Agregar Etiqueta
Sin Etiquetas, Sea el primero en etiquetar este registro!

MARC

LEADER 00000naa$a2200000$$$4500
001 0050220
005 20230928075050.5
041 0 |a cze 
044 |a SK 
245 1 0 |a Průmysl a krajina  |c Jaromír Kolejka 
520 |a Dôsledky industrializácie a rozvoj priemyslu. Od 70. rokov 20. storočia nastupuje trend redukcie priemyslu. Trendy vo svete a u nás, zelená a hnedá lúka. Charakteristické vlastnosti postindustriálnej krajiny a rozhodovanie o jej budúcnosti. 
610 2 0 |a investície 
610 2 0 |a zóny 
610 2 0 |a parky priemyselné 
610 2 0 |a vývoj 
610 2 0 |a industrializácia 
610 2 0 |a krajiny vyspelé 
610 2 0 |a priemysel 
100 1 |a Kolejka, Jaromír